Countries with the Most Affordable Housing - Statistics

General Stats
  • This quiz has been taken 55 times
  • The average score is 16 of 25
Answer Stats
% Country Continent % Correct
78.2 Japan Asia
81%
82.5 Russia Europe
81%
81.9 Mexico North America
78%
78.2 Spain Europe
72%
81.8 United States North America
69%
83.6 Estonia Europe
67%
79.9 Germany Europe
67%
79.6 Ireland Europe
67%
80.8 Sweden Europe
67%
81.1 Turkey Asia
67%
79.7 Australia Oceania
64%
78.8 Austria Europe
64%
81.6 Chile South America
64%
78.1 Latvia Europe
64%
80.6 Lithuania Europe
64%
81.9 Norway Europe
64%
78.8 Portugal Europe
64%
85.1 South Korea Asia
64%
82.6 Hungary Europe
61%
81.2 Slovenia Europe
61%
78.9 France Europe
58%
79.6 Belgium Europe
56%
79.0 Luxembourg Europe
56%
80.1 Netherlands Europe
56%
81.5 Costa Rica North America
47%
No matching quizzes found
Score Distribution
Percent of People with Each Score
Percentile by Number Answered
Your Score History
You have not taken this quiz